¿En qué se parecen un elefante y un gato? / (Record no. 175494)

MARC details
000 -CABECERA
campo de control de longitud fija 00946cam a2200277 a 4500
003 - IDENTIFICADOR DEL NÚMERO DE CONTROL
campo de control MX-MxUPN
005 - FECHA Y HORA DE LA ÚLTIMA TRANSACCIÓN
campo de control 20260327064208.0
008 - ELEMENTOS DE LONGITUD FIJA--INFORMACIÓN GENERAL
campo de control de longitud fija 150511s1999 sp a br 000 0 spa d
020 ## - NÚMERO INTERNACIONAL NORMALIZADO PARA LIBROS
Número Internacional Estándar del Libro 8424179048
035 ## - NÚMERO DE CONTROL DEL SISTEMA
Número de control de sistema UPN01000203393
040 ## - FUENTE DE LA CATALOGACIÓN
Centro catalogador/agencia de origen MX-MxUPN
Lengua de catalogación spa
041 0# - CÓDIGO DE IDIOMA
Código de lengua del texto/banda sonora o título independiente spa
050 #4 - SIGNATURA TOPOGRÁFICA DE LA BIBLIOTECA DEL CONGRESO
Número de clasificación PZ76.3
Número de documento/Ítem J564 1999
100 1# - ASIENTO PRINCIPAL--NOMBRE PERSONAL
Nombre de persona Jiménez Soria, Ángeles
9 (RLIN) 59185
100 1# - ASIENTO PRINCIPAL--NOMBRE PERSONAL
Nombre de persona Prestifilippo, Pablo,
Fechas asociadas al nombre 1960-
9 (RLIN) 39040
245 11 - MENCIÓN DE TÍTULO
Título ¿En qué se parecen un elefante y un gato? /
Mención de responsabilidad, etc. Ángeles Jiménez y Pablo Prestifilippo ; ilustrado por Pablo Prestifilippo
260 ## - PUBLICACIÓN, DISTRIBUCIÓN, ETC.
Lugar de publicación, distribución, etc. León, España :
Nombre del editor, distribuidor, etc. Everest,
Fecha de publicación, distribución, etc. [1999?]
300 ## - DESCRIPCIÓN FÍSICA
Extensión 31 páginas :
Otras características físicas ilustraciones a color
490 0# - MENCIÓN DE SERIE
Mención de serie Montaña encantada
500 ## - NOTA GENERAL
Nota general Fecha de publicación tomada del Depósito Legal.
650 #4 - ASIENTO SECUNDARIO DE MATERIA - TERMINO TEMATICO
Término de materia o nombre geográfico como elemento de entrada Elefantes
Subdivisión de forma Cuentos y leyendas
9 (RLIN) 9255
650 #4 - ASIENTO SECUNDARIO DE MATERIA - TERMINO TEMATICO
Término de materia o nombre geográfico como elemento de entrada Gatos
Subdivisión de forma Cuentos y leyendas
9 (RLIN) 11010
902 ## - ELEMENTOS DE DATOS B LOCAL, LDB (RLIN)
Creó VìctorGodìnez/260326
942 ## - ELEMENTOS DE PUNTO DE ACCESO ADICIONAL (KOHA)
Fuente del sistema de clasificación o colocación Library of Congress Classification
Tipo de ítem Koha Libro
Holdings
Estado de retiro Estado de pérdida Fuente del sistema de clasificación o colocación Estado dañado No para préstamo Código de colección Localización permanente Ubicación/localización actual Ubicación en estantería Total de préstamos Clasificación Código de barras Fecha visto por última vez Tipo de ítem Koha
    Library of Congress Classification     Infantil Bib. Gregorio Torres Quintero Bib. Gregorio Torres Quintero Sala infantil Planta baja   PZ76.3 J564 1999 300452 31/12/2020 Libro